000 01328nas a2200337 i 4500
001 232
003 ES-MaACL
005 20250808215208.0
008 950801c1944 sp mr p 0 1 |spa d
022 _a0210-1963
080 _a008
245 0 0 _aArbor :
_brevista general del Consejo Superior de Investigaciones Científicas /
_cdir., José López Ortiz.
260 _aMadrid :
_bConsejo Superior de Investigaciones Científicas,
_c1944-
300 _a164 v. ;
_c26 cm.
310 _aMensual,
_b1948-
321 _aBimestral,
_b1944-1947
362 0 _aT. 1, n. 1 (en.-feb. 1944)-t. 188, n. 758 (nov.-dic. 2012)
530 _aDisponible en formato digital.
580 _aA partir de 2013 deja de editarse en papel; continuada como revista electrónica.
650 7 _aCultura
_2embne
_9170963
655 7 _2tgfbne
_9226866
_aRevistas
700 1 _aLópez Ortiz, José,
_d1898-1992
_973849
700 1 _aSánchez de Muniain y Gil, José María.
_9102590
710 2 _aConsejo Superior de Investigaciones Científicas (España)
_93236
852 4 _aES-MaACL
_jHEM-H-159
_dOlim: HEM-1195
_cHEM
856 4 _uhttps://dialnet.unirioja.es/servlet/revista?codigo=140
_ySumarios de la revista en Dialnet
866 0 _o1944-2011.
942 _2udc
_cPERIODICA
999 _c232
_d232